The process of research in psychology.( 3rd edition). (Record no. 77219)
[ view plain ]
| 000 -LEADER | |
|---|---|
| fixed length control field | 01036nam a2200205 a 4500 |
| 008 - FIXED-LENGTH DATA ELEMENTS--GENERAL INFORMATION | |
| fixed length control field | 200708s2016 ||||||||||||||||| || u |
| 020 ## - INTERNATIONAL STANDARD BOOK NUMBER | |
| International Standard Book Number | 9781483347608 |
| 050 ## - LIBRARY OF CONGRESS CALL NUMBER | |
| Classification number | BF 76.5 Mcb |
| 100 ## - MAIN ENTRY--PERSONAL NAME | |
| Personal name | McBride, Dawn M |
| 245 14 - TITLE STATEMENT | |
| Title | The process of research in psychology.( 3rd edition). |
| Statement of responsibility, etc. | By Dawn M McBride |
| 250 ## - EDITION STATEMENT | |
| Edition statement | 3rd edition |
| 260 ## - PUBLICATION, DISTRIBUTION, ETC. | |
| Place of publication, distribution, etc. | Los Angeles |
| Name of publisher, distributor, etc. | SAGE |
| Date of publication, distribution, etc. | 2016 |
| 300 ## - PHYSICAL DESCRIPTION | |
| Extent | xviii, 370 pages :illustastions |
| 350 ## - | |
| -- | 70.76 |
| 650 #0 - SUBJECT ADDED ENTRY--TOPICAL TERM | |
| Topical term or geographic name entry element | PSYCHOLOGY-- EXPERIMENTAL |
| 650 #0 - SUBJECT ADDED ENTRY--TOPICAL TERM | |
| Topical term or geographic name entry element | PSYCHOLOGY--RESEARCH--METHODOLOGY |
| 995 ## - | |
| -- | MAIN LIBRARY OPEN ACCESS |
| -- | 750351 |
| -- | CBU-MAIN LIBRARY (Kitwe) |
| -- | 70.76 |
| -- | BF 76.5 Mcb |
| -- | 1 |
| -- | AVAILABLE |
| -- | Jul 9, 2020 |
| -- | 750351 |
| -- | Main Library Open Access Collection |
| 995 ## - | |
| -- | MAIN LIBRARY OPEN ACCESS |
| -- | 750352 |
| -- | CBU-MAIN LIBRARY (Kitwe) |
| -- | 70.76 |
| -- | BF 76.5 Mcb |
| -- | 2 |
| -- | AVAILABLE |
| -- | Jul 9, 2020 |
| -- | 750352 |
| -- | Main Library Open Access Collection |
| 995 ## - | |
| -- | KAPASA MAKASA LIBRARY OPEN ACCESS |
| -- | 750632 |
| -- | CBU-MAIN LIBRARY (Kitwe) |
| -- | 70.76 |
| -- | BF 76.5 Mcb |
| -- | 3 |
| -- | AVAILABLE |
| -- | Jan 15, 2021 |
| -- | 750632 |
| -- | Kapasa Makasa Library Open Acess Collection |
| 999 ## - | |
| -- | 77219 |
| -- | 77219 |
| Withdrawn status | Lost status | Source of classification or shelving scheme | Damaged status | Not for loan | Permanent Location | Current Location | Shelving location | Date acquired | Total Checkouts | Full call number | Barcode | Date last seen | Copy number | Price effective from | Koha item type |
|---|---|---|---|---|---|---|---|---|---|---|---|---|---|---|---|
| CBU-MAIN LIBRARY, KITWE. | CBU-MAIN LIBRARY, KITWE. | 04/25/2023 | BF 76.5 Mcb | 750351 | 04/25/2023 | 1 | 04/25/2023 | MONOGRAPH | |||||||
| CBU-MAIN LIBRARY, KITWE. | CBU-MAIN LIBRARY, KITWE. | 04/25/2023 | BF 76.5 Mcb | 750352 | 04/25/2023 | 2 | 04/25/2023 | MONOGRAPH |